30 biggest cities in South Carolina - Statistics

General Stats
  • This quiz has been taken 68 times
  • The average score is 14 of 30
Answer Stats
Population City % Correct
142,416 Columbia
92%
72,824 Greenville
90%
155,369 Charleston
88%
39,697 Myrtle Beach
85%
121,469 North Charleston
77%
39,040 Spartanburg
77%
75,654 Rock Hill
71%
38,097 Hilton Head Island
69%
40,609 Florence
65%
32,947 Aiken
60%
42,766 Sumter
60%
95,232 Mount Pleasant
56%
29,980 Anderson
54%
51,884 Summerville
54%
49,249 Goose Creek
46%
44,387 Greer
46%
17,838 Clemson
40%
20,303 North Myrtle Beach
38%
24,921 Lexington
37%
25,891 North Augusta
33%
27,985 Conway
31%
22,498 Greenwood
29%
33,626 Fort Mill
25%
27,506 Simpsonville
23%
35,243 Bluffton
19%
28,010 Mauldin
19%
26,386 Easley
17%
18,316 West Columbia
17%
16,621 Moncks Corner
15%
21,796 Hanahan
13%
No matching quizzes found
Score Distribution
Percent of People with Each Score
Percentile by Number Answered
Your Score History
You have not taken this quiz